000 00293nam a2200121Ia 4500
008 220216s9999 xx 000 0 und d
245 0 _aThai rubber hybrids
260 _bRubber International Magazine
_c2008
300 _a18-19
650 _aRubber hybrids
650 _aThaialnd
942 _cJS
999 _c70427
_d70427